000 00238nam a2200109Ia 4500
008 240625s9999 xx 000 0 und d
041 _aeng
082 _a658.3124 RUS
100 _aRUSSELL LOU
245 _aTRAINING TRIAGE
260 _c2005
999 _c34794
_d34794